| 000 | 00411nam a2200133 a 4500 | ||
|---|---|---|---|
| 001 | 5165 | ||
| 003 | CDMR | ||
| 005 | 20130116135305.0 | ||
| 008 | 130130s2004||||||||||||||||||||||||||||d | ||
| 040 |
_aCDMR _bcat _cCDMR |
||
| 245 | 0 | _aLlibre del Fòrum Mundial de la Televisió Infantil 2003 | |
| 260 |
_aBarcelona _c2004 _bObservatori Europeu de la Televisió Infantil. Comissionat de les Arts Audiovisuals |
||
| 942 | _cMON | ||
| 999 |
_c5165 _d5165 |
||